Thực vật học;

Guardat en:
Dades bibliogràfiques
Autor principal: Vũ Văn Chuyên
Format: Llibre
Idioma:Undetermined
Publicat: Hà Nội Y học 1971
Matèries:
Etiquetes: Afegir etiqueta
Sense etiquetes, Sigues el primer a etiquetar aquest registre!
Thư viện lưu trữ: Trung tâm Học liệu Trường Đại học Cần Thơ
LEADER 00454nam a2200169Ia 4500
001 CTU_8633
008 210402s9999 xx 000 0 und d
082 |a 581 
082 |b Ch527/T2 
100 |a Vũ Văn Chuyên 
245 0 |a Thực vật học; 
245 0 |c Vũ Văn Chuyên 
260 |a Hà Nội 
260 |b Y học 
260 |c 1971 
650 |a botany - classification 
980 |a Trung tâm Học liệu Trường Đại học Cần Thơ